[Event "Angers op 13th"]
[Site "Angers"]
[Date "2018.05.13"]
[Round "6"]
[White "Duault, Alexis"]
[Black "Busnel, Laurent"]
[Result "1-0"]
[WhiteElo "1761"]
[BlackElo "1884"]
[PlyCount "105"]
[EventDate "2018.05.11"]
[EventType "swiss"]
[EventRounds "6"]
[EventCountry "FRA"]
[SourceTitle "CBM 184 Extra"]
[Source "ChessBase"]
[SourceDate "2018.06.28"]
[SourceVersion "1"]
[SourceVersionDate "2018.06.28"]
[SourceQuality "1"]

1. d4 Nf6 2. Bg5 d5 3. Bxf6 exf6 4. e3 Bd6 5. c4 dxc4 6. Bxc4 0-0 7. Nf3 Nd7 8. 0-0 Nb6 9. Bd3 Bg4 10. Nbd2 Re8 11. Qc2 g6 12. h3 Bd7 13. Rfc1 Nd5 14. a3 c6 15. Ne4 Bb8 16. Qb3 Bc8 17. Nc5 Qb6 18. Qc4 Bd6 19. b4 Qd8 20. a4 Kg7 21. a5 Rb8 22. b5 cxb5 23. Qxb5 f5 24. Nd2 b6 25. axb6 axb6 26. Na4 Nc7 27. Qc6 Re6 28. Kf1 Bb7 29. Qc3 Nd5 30. Qb2 Bb4 31. Nf3 f6 32. Bc4 Ba5 33. Bxd5 Bxd5 34. Nc3 Bc4+ 35. Kg1 b5 36. Nd2 Bd3 37. Nb3 Bb4 38. Na2 Qe7 39. Nxb4 Qxb4 40. Ra7+ Re7 41. Rxe7+ Qxe7 42. Nc5 Be4 43. Na6 Rb7 44. Nb4 Qd7 45. Rc5 Rc7 46. Qc3 Rxc5 47. Qxc5 Ba8 48. d5 Qb7 49. f3 Kh6 50. Qf8+ Kg5 51. h4+ Kh5 52. Qxf6 h6 53. Nd3 1-0

[Event "Angers op 13th"]
[Site "Angers"]
[Date "2018.05.12"]
[Round "4"]
[White "Lenen, Pierre"]
[Black "Busnel, Laurent"]
[Result "1-0"]
[WhiteElo "1722"]
[BlackElo "1884"]
[PlyCount "91"]
[EventDate "2018.05.11"]
[EventType "swiss"]
[EventRounds "6"]
[EventCountry "FRA"]
[SourceTitle "CBM 184 Extra"]
[Source "ChessBase"]
[SourceDate "2018.06.28"]
[SourceVersion "1"]
[SourceVersionDate "2018.06.28"]
[SourceQuality "1"]

1. d4 Nf6 2. c4 e6 3. Nc3 Bb4 4. Qc2 d5 5. cxd5 exd5 6. Nf3 0-0 7. Bg5 h6 8. Bh4 Qd6 9. Bxf6 Qxf6 10. e3 Nc6 11. Be2 Bf5 12. Qb3 Be4 13. 0-0 Bxc3 14. Qxc3 Rad8 15. Nd2 Bf5 16. Bf3 Rfe8 17. Qb3 Na5 18. Qb5 Qb6 19. Qxb6 axb6 20. b4 Nc6 21. a3 Bd3 22. Rfc1 Re7 23. Rc3 Bf5 24. Rac1 Rdd7 25. Be2 Nxd4 26. exd4 Rxe2 27. Nf3 c6 28. Kf1 Re4 29. Re3 Rde7 30. Rce1 f6 31. Nd2 Rxe3 32. fxe3 Bd3+ 33. Kf2 Kf7 34. Rc1 Ke6 35. Rc3 Bh7 36. a4 Kd6 37. Nb3 g5 38. g3 h5 39. a5 bxa5 40. bxa5 Bf5 41. Nc5 Rh7 42. Rb3 Bc8 43. Kf3 Kc7 44. h3 Rg7 45. Kg2 f5 46. Rxb7+ 1-0

[Event "Rennes op 6th"]
[Site "Rennes"]
[Date "2013.07.06"]
[Round "1"]
[White "Petre, Nad Titus"]
[Black "Busnel, Laurent"]
[Result "1-0"]
[WhiteElo "2371"]
[BlackElo "1928"]
[PlyCount "68"]
[EventDate "2013.07.06"]
[EventType "swiss"]
[EventRounds "9"]
[EventCountry "FRA"]
[SourceTitle "CBM 155 Extra"]
[Source "ChessBase"]
[SourceDate "2013.08.26"]
[SourceVersion "1"]
[SourceVersionDate "2013.08.26"]
[SourceQuality "1"]

1. d4 Nf6 2. Nf3 b6 3. Bg5 Bb7 4. Nbd2 g6 5. e3 Bg7 6. Bd3 0-0 7. Qe2 c5 8. 0-0 d6 9. c3 Nbd7 10. h3 Qc7 11. a4 e5 12. dxe5 dxe5 13. e4 Rfe8 14. Ba6 Bc6 15. Bb5 Bb7 16. a5 h6 17. Bxf6 Bxf6 18. Rfd1 Bc6 19. Bxc6 Qxc6 20. Nc4 Qb5 21. b3 Nf8 22. Qc2 Red8 23. axb6 axb6 24. Rxa8 Rxa8 25. Rd6 Bd8 26. Nfxe5 Bc7 27. Rd1 Qe8 28. Ng4 Kg7 29. Qc1 g5 30. e5 Ng6 31. Qe3 Qe6 32. Qf3 Ra2 33. Qf6+ Kh7 34. Qxe6 fxe6 1-0

[Event "Rennes op 4th"]
[Site "Rennes"]
[Date "2011.07.18"]
[Round "4"]
[White "Navrotescu, Catalin"]
[Black "Busnel, Laurent"]
[Result "1-0"]
[WhiteElo "2423"]
[BlackElo "1911"]
[PlyCount "43"]
[EventDate "2011.07.16"]
[EventType "swiss"]
[EventRounds "9"]
[EventCountry "FRA"]
[SourceTitle "CBM 143 Extra"]
[Source "ChessBase"]
[SourceDate "2011.08.29"]
[SourceVersion "1"]
[SourceVersionDate "2011.08.29"]
[SourceQuality "1"]

1. d4 Nf6 2. c4 e6 3. Nc3 Bb4 4. e3 b6 5. a3 Bxc3+ 6. bxc3 Bb7 7. f3 d5 8. cxd5 exd5 9. Bd3 0-0 10. Ne2 Nbd7 11. 0-0 c5 12. Ng3 Re8 13. Ra2 Qc7 14. Raf2 Re7 15. e4 Nf8 16. e5 N6d7 17. f4 f6 18. Nf5 Rf7 19. Qg4 Ne6 20. Nh6+ Kf8 21. Nxf7 Kxf7 22. f5 1-0

[Event "Ile et Vilaine op"]
[Site "Rennes"]
[Date "2011.06.13"]
[Round "5"]
[White "Alanic, Xavier"]
[Black "Busnel, Laurent"]
[Result "1-0"]
[WhiteElo "2287"]
[BlackElo "1913"]
[PlyCount "45"]
[EventDate "2011.06.11"]
[EventType "swiss"]
[EventRounds "7"]
[EventCountry "FRA"]
[SourceTitle "EXT 2012"]
[Source "ChessBase"]
[SourceDate "2011.11.24"]
[SourceVersion "1"]
[SourceVersionDate "2011.11.24"]
[SourceQuality "1"]

1. e4 c5 2. f4 e5 3. Nf3 exf4 4. Bc4 Nc6 5. d3 d6 6. Bxf4 Be6 7. Nc3 Be7 8. Nd5 Qd7 9. 0-0 0-0-0 10. c3 h6 11. b4 g5 12. Bg3 f5 13. exf5 Bxf5 14. Qa4 Nf6 15. bxc5 Nxd5 16. Bxd5 dxc5 17. Bxc6 Qxc6 18. Qxa7 Bd6 19. Bxd6 Qxd6 20. d4 Be4 21. Ne5 Bd5 22. Nf7 Bxf7 23. Rxf7 1-0

[Event "FRA-chT4 0405"]
[Site "Bretagne"]
[Date "2005.01.09"]
[Round "4"]
[White "Annetti, Laurent"]
[Black "Busnel, Laurent"]
[Result "1-0"]
[WhiteElo "1989"]
[BlackElo "2080"]
[PlyCount "67"]
[EventDate "2004.04.03"]
[EventType "team"]
[EventRounds "7"]
[EventCountry "FRA"]
[SourceTitle "EXT 2007"]
[Source "ChessBase"]
[SourceDate "2006.11.23"]
[SourceVersion "1"]
[SourceVersionDate "2006.11.23"]
[SourceQuality "1"]

1. e4 d5 2. exd5 Qxd5 3. Nc3 Qa5 4. d4 Nf6 5. Nf3 e6 6. Bc4 Ne4 7. Bd2 Nxd2 8. Qxd2 Bb4 9. 0-0 0-0 10. a3 Bxc3 11. bxc3 Nd7 12. Rfe1 c5 13. Ne5 cxd4 14. Nxd7 Bxd7 15. Qxd4 Bc6 16. Re5 Qd8 17. Qg4 Qf6 18. Re3 Rad8 19. Bd3 Rd5 20. h4 Ra5 21. Rb1 Rxa3 22. Rb4 Ra1+ 23. Kh2 e5 24. Qg3 Ra5 25. Rg4 h6 26. Bc4 Kh8 27. Bd3 Rc5 28. c4 a5 29. Be4 Bd7 30. Rf3 Qxf3 31. Qxf3 Bxg4 32. Qxg4 a4 33. Qf5 g6 34. Qf6+ 1-0

[Event "FRA-chT4 0405"]
[Site "Bretagne"]
[Date "2004.12.05"]
[Round "3"]
[White "Busnel, Laurent"]
[Black "Pascot, Jean"]
[Result "1-0"]
[WhiteElo "2080"]
[BlackElo "1900"]
[PlyCount "91"]
[EventDate "2004.04.03"]
[EventType "team"]
[EventRounds "7"]
[EventCountry "FRA"]
[SourceTitle "EXT 2007"]
[Source "ChessBase"]
[SourceDate "2006.11.23"]
[SourceVersion "1"]
[SourceVersionDate "2006.11.23"]
[SourceQuality "1"]

1. e4 e5 2. Nf3 Nc6 3. d4 exd4 4. Bc4 Qe7 5. 0-0 d6 6. Nxd4 Nxd4 7. Qxd4 Be6 8. Nc3 Qf6 9. Qd3 c6 10. Be3 Ne7 11. Rad1 Ng6 12. f4 Be7 13. Bb3 Bxb3 14. axb3 0-0 15. Rf3 Rfe8 16. Rdf1 Bf8 17. Rh3 Qe7 18. Qd1 h6 19. Qh5 Nh8 20. Qf3 f6 21. g4 Nf7 22. Rg3 Rad8 23. h4 d5 24. exd5 Qxe3+ 25. Qxe3 Rxe3 26. Rxe3 Bc5 27. Kf2 cxd5 28. Na4 Bxe3+ 29. Kxe3 b6 30. Rd1 Re8+ 31. Kf3 Rc8 32. Nc3 Rd8 33. Rxd5 Rxd5 34. Nxd5 Nd6 35. Ke3 Kf7 36. c4 Ke6 37. Kd4 h5 38. gxh5 Nf5+ 39. Ke4 Ng3+ 40. Kf3 Nxh5 41. Kg4 g6 42. f5+ Kf7 43. fxg6+ Kxg6 44. Nf4+ Nxf4 45. Kxf4 Kh5 46. b4 1-0

[Event "FRA-chT4 0304"]
[Site "Bretagne"]
[Date "2003.12.07"]
[Round "3"]
[White "Busnel, Laurent"]
[Black "Mahe, Romain"]
[Result "0-1"]
[WhiteElo "1940"]
[BlackElo "1850"]
[PlyCount "100"]
[EventDate "2003.10.12"]
[EventType "team"]
[EventRounds "9"]
[EventCountry "FRA"]
[SourceTitle "EXT 2005"]
[Source "ChessBase"]
[SourceDate "2004.11.15"]
[SourceVersion "1"]
[SourceVersionDate "2004.11.15"]
[SourceQuality "1"]

1. e4 e5 2. Nf3 Nc6 3. Bb5 a6 4. Ba4 Nf6 5. Qe2 b5 6. Bb3 Bc5 7. 0-0 d6 8. c3 Be6 9. Bxe6 fxe6 10. d3 0-0 11. Be3 Bxe3 12. Qxe3 Qe8 13. Nbd2 h6 14. d4 Qh5 15. h3 exd4 16. cxd4 Ne7 17. Rac1 Rac8 18. b4 Nd7 19. Kh2 Qf7 20. Rc2 d5 21. Re1 Nb6 22. a3 Ng6 23. exd5 exd5 24. Qe6 Nf4 25. Qxf7+ Rxf7 26. Re3 Nc4 27. Nxc4 dxc4 28. Ne5 Rf6 29. g3 Nd5 30. Re1 Rd8 31. Ng4 Rfd6 32. Ne3 g6 33. Ng4 h5 34. Ne5 Kg7 35. Ree2 Nf6 36. Kg2 Nd7 37. f4 Nb8 38. Nf3 Nc6 39. Re4 Nxd4 40. Rxd4 Rxd4 41. Nxd4 Rxd4 42. Rc3 Rd2+ 43. Kf3 Rh2 44. h4 Rb2 45. Re3 Rb3 46. Ke2 Rxe3+ 47. Kxe3 Kf6 48. Ke4 Ke6 49. f5+ gxf5+ 50. Kf4 Kf6 0-1

[Event "FRA-chT4 0304"]
[Site "Bretagne"]
[Date "2003.10.12"]
[Round "1"]
[White "Busnel, Laurent"]
[Black "Yche, Michel"]
[Result "1/2-1/2"]
[WhiteElo "1940"]
[BlackElo "2080"]
[PlyCount "129"]
[EventDate "2003.10.12"]
[EventType "team"]
[EventRounds "9"]
[EventCountry "FRA"]
[SourceTitle "EXT 2005"]
[Source "ChessBase"]
[SourceDate "2004.11.15"]
[SourceVersion "1"]
[SourceVersionDate "2004.11.15"]
[SourceQuality "1"]

1. e4 e6 2. d4 d5 3. Nc3 Bb4 4. a3 Bxc3+ 5. bxc3 Ne7 6. Bd3 c5 7. e5 Qc7 8. Bd2 Nd7 9. Nf3 c4 10. Be2 f6 11. exf6 gxf6 12. Nh4 Ng6 13. Bh5 Ndf8 14. Bh6 Bd7 15. Bg7 Qf4 16. Nxg6 hxg6 17. Bxh8 gxh5 18. Qxh5+ Ke7 19. 0-0 Be8 20. Qh3 Kf7 21. Qg3 Ng6 22. Qh3 Qh4 23. Qxh4 Nxh4 24. Rfe1 Bd7 25. Bxf6 Kxf6 26. Re3 Rg8 27. g3 Nf5 28. Re5 Nd6 29. f3 b6 30. Kf2 Ba4 31. Ra2 Rg5 32. Re3 Rg7 33. Rb2 Re7 34. h4 Nf5 35. Re1 Rg7 36. Rg1 Nd6 37. Rgb1 Be8 38. Rb4 Rh7 39. Kg2 Re7 40. Kf2 e5 41. R4b2 e4 42. g4 exf3 43. Kxf3 Ne4 44. Re1 Nd2+ 45. Kf2 Rxe1 46. Kxe1 Nf3+ 47. Kf2 Nxh4 48. Kg3 Ng6 49. Rb1 Ba4 50. Rf1+ Ke6 51. Re1+ Kd6 52. Re2 Bd7 53. Rf2 Ke7 54. Rh2 Be6 55. Rh7+ Bf7 56. Rh2 Nf8 57. Re2+ Ne6 58. Re5 Kd6 59. Kh4 Bg6 60. Re2 Be4 61. Rf2 Ke7 62. Kh5 Nf8 63. g5 Bg6+ 64. Kh6 Be4 65. Kg7 1/2-1/2

[Event "Agneaux St Lo op 07th"]
[Site "Agneaux"]
[Date "2003.03.02"]
[Round "7"]
[White "Coursaget, Nicolas"]
[Black "Busnel, Laurent"]
[Result "1-0"]
[WhiteElo "2217"]
[BlackElo "1780"]
[PlyCount "47"]
[EventDate "2003.02.26"]
[EventType "swiss"]
[EventRounds "7"]
[EventCountry "FRA"]
[SourceTitle "EXT 2004"]
[Source "ChessBase"]
[SourceDate "2003.11.25"]
[SourceVersion "1"]
[SourceVersionDate "2003.11.25"]
[SourceQuality "1"]

1. d4 Nf6 2. c4 b6 3. Nc3 Bb7 4. f3 e6 5. Bg5 Be7 6. e3 0-0 7. Bd3 d5 8. Qc2 Nbd7 9. cxd5 exd5 10. g4 h6 11. h4 Nxg4 12. fxg4 Bxg5 13. hxg5 Qxg5 14. Qe2 Nf6 15. Nf3 Qxg4 16. 0-0-0 Rfe8 17. Rdg1 Qe6 18. Rxh6 Qxe3+ 19. Qxe3 Rxe3 20. Rxf6 Rxd3 21. Ne5 Re3 22. Rxf7 Rxe5 23. Rgxg7+ Kh8 24. dxe5 1-0

[Event "Agneaux St Lo op 07th"]
[Site "Agneaux"]
[Date "2003.03.01"]
[Round "6"]
[White "Busnel, Laurent"]
[Black "Le Fournier, Pascal"]
[Result "1-0"]
[WhiteElo "1780"]
[BlackElo "2125"]
[PlyCount "73"]
[EventDate "2003.02.26"]
[EventType "swiss"]
[EventRounds "7"]
[EventCountry "FRA"]
[SourceTitle "EXT 2004"]
[Source "ChessBase"]
[SourceDate "2003.11.25"]
[SourceVersion "1"]
[SourceVersionDate "2003.11.25"]
[SourceQuality "1"]

1. f4 d5 2. e3 Nf6 3. Be2 c6 4. b3 g6 5. Bb2 Bg7 6. Nf3 Bg4 7. 0-0 Bxf3 8. Bxf3 0-0 9. d3 Nbd7 10. Qe2 Ne8 11. Bxg7 Nxg7 12. Bg4 f5 13. Bf3 e5 14. g3 Qb6 15. Qf2 Rae8 16. d4 exd4 17. exd4 Nf6 18. Nc3 Ne6 19. Rfd1 g5 20. fxg5 Nxg5 21. Bg2 Nfe4 22. Qe3 Ne6 23. Ne2 Qc7 24. Rf1 Qg7 25. Rad1 Kh8 26. Nf4 Nxf4 27. Rxf4 Nd6 28. Qf3 Re4 29. Qf2 Rxf4 30. Qxf4 Ne4 31. Rf1 Qxd4+ 32. Kh1 Qg7 33. c4 Qb2 34. cxd5 cxd5 35. Qh6 Nf2+ 36. Rxf2 Qxf2 37. Qxf8# 1-0

[Event "Plancoet op 2nd"]
[Site "Plancoet"]
[Date "2002.08.02"]
[Round "8.15"]
[White "Jolly, Jean Francois"]
[Black "Busnel, Laurent"]
[Result "1-0"]
[WhiteElo "1990"]
[BlackElo "1800"]
[PlyCount "79"]
[EventDate "2002.07.23"]
[EventType "swiss"]
[EventRounds "9"]
[EventCountry "FRA"]
[SourceTitle "EXT 2003"]
[Source "ChessBase"]
[SourceDate "2002.11.25"]
[SourceVersion "1"]
[SourceVersionDate "2002.11.25"]
[SourceQuality "1"]

1. d4 d5 2. c4 e6 3. Nc3 Nf6 4. Bg5 Be7 5. Nf3 0-0 6. e3 Nbd7 7. Bd3 c5 8. Rc1 dxc4 9. Bxc4 Nb6 10. Bb3 a6 11. 0-0 cxd4 12. exd4 Nfd5 13. Bxe7 Qxe7 14. Re1 Nxc3 15. Rxc3 Qd8 16. Re5 h6 17. Rec5 Bd7 18. Ne5 Rc8 19. Qf3 Bc6 20. Qg4 Qf6 21. Nxc6 bxc6 22. Rxc6 Rb8 23. Rf3 Qe7 24. Rg3 Qf6 25. Rf3 Qe7 26. Qf4 Nd5 27. Qd6 Qh4 28. Qe5 Nf6 29. Rxa6 Rbc8 30. Rc3 Ne4 31. g3 Qg4 32. f3 Qg5 33. Qxe4 Rxc3 34. bxc3 Qc1+ 35. Kg2 Qd2+ 36. Kh3 Qf2 37. Qd3 Rb8 38. Ra7 h5 39. Bxe6 Rb2 40. Ra8+ 1-0